[Event "Tourn. n9777"]
[Site "www.chess-mail.com"]
[Date "2018.05.31"]
[Round "1"]
[White "Attatroll"]
[Black "Awfen"]
[WhiteElo "2010"]
[BlackElo "2080"]
[Result "0-1"]
[Round "1"]
1.e4 Nb8c6
2.f4 e6
3.Ng1f3 Ng8f6
4.Nb1c3 Bf8e7
5.Bf1b5 O-O
6.O-O a6
7.Bb5e2 d5
8.e5 Nf6e4
9.Nc3xe4 dxe4
10.Nf3e1 Qd8d4
11.Kh1 f6
12.c3 Qd4d8
13.d4 f5
14.Bc1e3 Bc8d7
15.Qd1b3 Nc6a5
16.Qb3c2 b5
17.b4 Na5c4
18.Be3g1 Nc4b6
19.Bg1e3 Nb6c4
20.Be2xc4 bxc4
21.a4 a5
22.b5 Bd7c8
23.Qc2f2 Be7h4
24.g3 Bh4e7
25.Ne1c2 Bc8b7
26.Ra1d1 Bb7d5
27.h3 Qd8e8
28.h4 Qe8h5
29.Rd1b1 h6
30.b6 cxb6
31.Rb1xb6 Qh5g4
32.Kh2 Kf7
33.Rf1b1 g5
34.Nc2a3 Be7xa3
35.fxg5 hxg5
36.Be3xg5 Rf8g8
37.Rb1b5 Rg8xg5
38.Rb5xd5 exd5
39.Rb6f6 Ke7
40.hxg5 Qg4xg5
41.Kg2 Ra8b8
42.Qf2xf5 Rb8b2
43.Kh1 Qg5xf5
44.Rf6xf5 e3
45.Kg1 Rb2c2
46.Kf1 Ba3c1
47.g4 Rc2h2
48.g5 Rh2h5
49.Ke2 Rh5h2
50.Ke1 Bc1d2
51.Kd1 Bd2xc3
52.g6 e2
53.Kc2 e1Q
{ resign }
0-1

[Event "Tourn. n9806"]
[Site "www.echecsemail.com"]
[Date "2018.05.31"]
[Round "1"]
[White "Attatroll"]
[Black "Tonino1"]
[WhiteElo "1980"]
[BlackElo "1950"]
[Result "0-1"]
[Round "1"]
1.e4 d6
2.Ng1f3 Ng8f6
3.Nb1c3 c6
4.Bf1c4 b5
5.Bc4b3 b4
6.Nc3a4 Nf6xe4
7.d3 Ne4f6
8.Bc1e3 e5
9.Nf3g5 d5
10.O-O Bf8e7
11.h4 O-O
12.Qd1e2 d4
13.Be3d2 Qd8c7
14.f4 Bc8g4
15.Qe2f2 h6
16.Ng5e4 Nf6xe4
17.dxe4 Be7d6
18.f5 h5
19.Ra1e1 Nb8d7
20.Kh1 Nd7f6
21.c3 bxc3
22.bxc3 d3
23.Na4c5 Bg4e2
24.Rf1g1 Qc7b6
25.Nc5xd3 Be2xd3
26.Qf2g3 Nf6g4
27.Bd2e3 Bd6c5
28.Be3xc5 Qb6xc5
29.Bb3d1 Qc5f2
30.Qg3xf2 Ng4xf2
31.Kh2 Nf2xd1
32.Re1xd1 Bd3xe4
33.Rg1e1 Be4xf5
34.Re1xe5 g6
35.Rd1d6 Ra8c8
36.Re5a5 Rc8c7
37.Ra5c5 Rf8c8
38.a4 Kf8
39.Kg3 Ke7
40.Rd6d1 Rc7d7
41.Rc5e5 Kf8
42.Rd1e1 Rd7d3
43.Kh2 Rd3xc3
44.Re5e7 a5
45.Re7a7 Rc3c4
46.Re1e7 Bf5e6
{ resign }
0-1

[Event "Match"]
[Site "www.echecsemail.com"]
[Date "2018.05.31"]
[Round "1"]
[White "Juheset"]
[Black "Chapi"]
[WhiteElo "2010"]
[BlackElo "2090"]
[Result "0-1"]
[Round "1"]
1.c4 g6
2.Nb1c3 Bf8g7
3.e4 c5
4.f4 Nb8c6
5.Ng1f3 d6
6.Ra1b1 Ng8f6
7.d3 O-O
8.Bc1d2 Bc8d7
9.a3 a5
10.h3 Nc6a7
11.g4 b5
12.cxb5 Na7xb5
13.Nc3xb5 Bd7xb5
14.Bd2c3 Nf6d7
15.Bc3xg7 Kxg7
16.f5 e6
17.Qd1b3 Ra8b8
18.fxe6 fxe6
19.Bf1e2 Qd8e7
20.O-O Bb5c6
21.Qb3c3 Kg8
22.Qc3xa5 d5
23.exd5 exd5
24.Rf1e1 Nd7e5
25.Nf3xe5 Qe7xe5
26.Qa5xc5 Qe5g3
27.Kh1 Rf8f2
{ resign }
0-1

[Event "Match"]
[Site "www.echecsemail.com"]
[Date "2018.05.31"]
[Round "1"]
[White "Tonino1"]
[Black "Lcbunghai"]
[WhiteElo "2150"]
[BlackElo "2110"]
[Result "1-0"]
[Round "1"]
1.d4 Ng8f6
2.g4 Nf6xg4
3.e4 Ng4f6
4.e5 Nf6d5
5.c4 Nd5b6
6.c5 Nb6d5
7.Nb1c3 Nd5xc3
8.bxc3 e6
9.Ng1f3 Bf8e7
10.h4 d6
11.cxd6 cxd6
12.Bc1f4 dxe5
13.Nf3xe5 O-O
14.Qd1g4 f5
15.Qg4g3 Be7f6
16.Bf1c4 Kh8
17.h5 Nb8c6
18.Ne5g6 hxg6
19.hxg6 Kg8
20.Qg3h3 { resign }
1-0

[Event "Tourn. n9818"]
[Site "www.echecsemail.com"]
[Date "2018.05.31"]
[Round "1"]
[White "Biggles"]
[Black "Tonino1"]
[WhiteElo "2140"]
[BlackElo "2060"]
[Result "0-1"]
[Round "1"]
1.e4 d6
2.d4 Ng8f6
3.Nb1c3 c6
4.Ng1f3 Qd8c7
5.Bf1d3 e5
6.dxe5 dxe5
7.O-O Bf8e7
8.Bc1e3 O-O
9.h3 h6
10.Qd1d2 Kh7
11.Rf1e1 Bc8e6
12.Nf3h4 Nf6xe4
13.Bd3xe4 f5
14.Nh4xf5 Be6xf5
15.Be4xf5 Rf8xf5
16.Qd2d3 g6
17.Ra1d1 Nb8a6
18.Qd3e4 Na6c5
19.Be3xc5 Be7xc5
20.Re1f1 Ra8f8
21.Rd1d2 Qc7f7
22.Nc3d1 Bc5b6
23.Kh1 Bb6c7
24.f3 Rf5f4
25.Qe4e3 Qf7c4
26.Rd2d7 Rf8f7
27.Rd7xf7 Rf4xf7
28.Rf1e1 Qc4xc2
29.Qe3xa7 Qc2d2
30.Qa7e3 Qd2xe3
31.Nd1xe3 Rf7d7
32.Re1d1 Rd7xd1
33.Ne3xd1 Bc7b6
34.Nd1c3 Bb6d4
35.Nc3d1 h5
36.b3 h4
37.Kh2 g5
38.g3 Kg6
39.Kg2 Kf5
40.Nd1f2 Bd4xf2
41.Kxf2 c5
42.gxh4 gxh4
43.Ke3 b6
44.a3 Kf6
45.Ke4 Ke6
46.a4 Kf6
47.f4 exf4
48.Kxf4 Ke6
49.Kg5 Kd5
50.Kxh4 Kd4
51.Kg4 Kc3
52.h4 Kxb3
53.h5 c4
54.h6 c3
55.h7 c2
56.h8Q c1Q
57.Qh8h3 Kxa4
58.Qh3d3 b5
59.Qd3e4 Qc1c4
60.Kf4 Qc4xe4
61.Kxe4 Kb3
62.Kd3 Kb2
63.Kd2 b4
64.Kd1 Kb1
65.Kd2 b3
66.Kd1 Ka1
{ resign }
0-1

[Event "Match"]
[Site "www.echecsemail.com"]
[Date "2018.05.31"]
[Round "1"]
[White "Goofy"]
[Black "Gidgud"]
[WhiteElo "2350"]
[BlackElo "2129"]
[Result "1-0"]
[Round "1"]
1.e4 e6
2.d4 d5
3.Nb1c3 Ng8f6
4.Bc1g5 Bf8e7
5.e5 Nf6d7
6.h4 h6
7.Bg5e3 Be7xh4
8.Qd1g4 g5
9.g3 h5
10.Qg4e2 Bh4xg3
11.fxg3 h4
12.gxh4 gxh4
13.O-O-O b6
14.Qe2g4 { resign }
1-0

[Event "Match"]
[Site "www.echecsemail.com"]
[Date "2018.05.31"]
[Round "1"]
[White "Tonino1"]
[Black "Chapi"]
[WhiteElo "1950"]
[BlackElo "2130"]
[Result "0-1"]
[Round "1"]
1.d4 d5
2.f4 c5
3.e3 Nb8c6
4.c3 Ng8f6
5.Bf1d3 cxd4
6.exd4 Bc8g4
7.Ng1f3 e6
8.O-O Bf8d6
9.h3 Bg4h5
10.Nb1d2 Bd6xf4
11.g4 Nf6xg4
12.hxg4 Bh5xg4
13.Qd1c2 Qd8f6
14.Bd3e2 Bf4e3
15.Kg2 Bg4f5
16.Qc2d1 Qf6g6
17.Kh1 Bf5h3
18.Rf1g1 Be3xg1
19.Qd1xg1 Qg6xg1
20.Kxg1 Bh3g4
21.Kf2 f6
22.Nd2b3 h5
23.Bc1f4 h4
24.Ra1h1 g5
25.Bf4h2 Kf7
26.Nf3xg5 fxg5
27.Be2xg4 b6
28.Rh1e1 Ra8e8
29.Bh2e5 Nc6xe5
30.Re1xe5 h3
31.Re5e1 Rh8h4
32.Kg3 h2
33.Bg4f3 Re8h8
34.Re1h1 Kf6
35.Nb3d2 g4
36.Bf3g2 Kf5
37.Nd2f1 Kg5
38.Rh1xh2 Rh4xh2
39.Nf1xh2 Kf5
40.Nh2xg4 Rh8g8
41.Bg2h3 Ke4
42.Kf2 Kd3
43.Ng4e5 Kc2
44.Bh3xe6 Rg8d8
45.Ne5c6 Rd8f8
46.Kg2 a6
47.Nc6b4 Kxb2
48.c4 dxc4
49.Be6xc4 Kc3
50.Bc4xa6 Kxb4
51.Ba6b7 Rf8d8
52.d5 Ka3
 { time }
0-1

[Event "Match"]
[Site "www.echecsemail.com"]
[Date "2018.05.31"]
[Round "1"]
[White "Fegatux"]
[Black "Pwain"]
[WhiteElo "2350"]
[BlackElo "2550"]
[Result "1/2-1/2"]
[Round "1"]
1.d4 e6
2.c4 Ng8f6
3.Ng1f3 b6
4.g3 Bc8b7
5.Bf1g2 c5
6.dxc5 Bf8xc5
7.O-O O-O
8.Nb1c3 d5
9.cxd5 Nf6xd5
10.Nc3a4 Bc5e7
11.b3 b5
12.Na4b2 Nb8d7
13.Nb2d3 Nd5c3
14.Qd1e1 b4
15.a3 a5
16.Bc1b2 Be7f6
17.axb4 axb4
18.Ra1xa8 Bb7xa8
19.Nd3xb4 Nc3d5
20.Bb2xf6 Nd7xf6
21.Nb4xd5 Ba8xd5
22.b4 Qd8a8
23.Qe1a1 Qa8b7
24.Qa1d4 h6
25.Rf1c1 Rf8b8
26.Qd4c5 Qb7xb4
27.Qc5c7 { draw }
1/2-1/2

[Event "Match"]
[Site "www.echecsemail.com"]
[Date "2018.05.31"]
[Round "1"]
[White "Llord"]
[Black "Whitekknight"]
[WhiteElo "1940"]
[BlackElo "1910"]
[Result "0-1"]
[Round "1"]
1.e4 e5
2.Ng1f3 Nb8c6
3.Bf1c4 h6
4.O-O Ng8f6
5.Nb1c3 Nf6g4
6.h3 h5
7.Bc4e2 d6
8.Nf3h2 Ng4xh2
9.Kxh2 Nc6d4
10.Nc3b5 Nd4xb5
11.Be2xb5 c6
12.Bb5a4 Bc8d7
13.d3 f6
14.Bc1e3 g6
15.d4 exd4
16.Be3xd4 Bf8g7
17.Bd4c3 Qd8c7
18.g3 O-O-O
19.Bc3d4 b5
20.Ba4b3 c5
21.Bd4c3 c4
22.Bc3d4 cxb3
23.axb3 a5
24.Bd4c3 Bd7c6
25.Bc3xa5 Qc7b7
26.Ba5xd8 Rh8xd8
27.Qd1d4 f5
28.Qd4e3 Bc6xe4
29.f3 Be4c6
30.Qe3e6 Kb8
31.Qe6xg6 Bg7xb2
32.Ra1a2 Bb2e5
33.Qg6xf5 Qb7g7
34.Rf1g1 Rd8h8
35.f4 Qg7f6
36.Qf5d3 Be5c3
37.Qd3e3 Bc3d4
38.Qe3e1 Bd4xg1
39.Kxg1 Qf6d4
40.Kh2 Qd4d5
41.c4 bxc4
42.bxc4 Qd5c5
43.Ra2b2 Kc7
44.Qe1a1 Rh8a8
45.Qa1e1 Ra8e8
46.Qe1g1 Qc5xg1
47.Kxg1 Re8e4
48.Rb2c2 Re4e3
49.Kf2 Re3f3
50.Ke1 Rf3xg3
51.f5 Rg3f3
52.Rc2f2 Kd7
53.Rf2xf3 Bc6xf3
54.Kf2 Bf3e4
55.f6 Ke6
56.Ke3 Be4f5
57.h4 Kxf6
58.Kf4 Bf5d3
{ resign }
0-1

[Event "Tourn. n9815"]
[Site "www.echecsemail.com"]
[Date "2018.05.31"]
[Round "1"]
[White "Hundegana"]
[Black "Andychesston"]
[WhiteElo "2070"]
[BlackElo "2080"]
[Result "0-1"]
[Round "1"]
1.f4 d5
2.g3 Ng8f6
3.Bf1g2 b6
4.d3 Bc8f5
5.Ng1f3 Nb8c6
6.O-O Qd8d7
7.c3 Bf5h3
8.Nf3g5 Bh3xg2
9.Kxg2 h6
10.Ng5f3 e6
11.a3 d4
12.c4 Nf6g4
13.h3 Ng4e3
14.Bc1xe3 dxe3
15.b4 Nc6d4
16.Nb1c3 a6
17.Nf3xd4 Qd7xd4
18.Qd1c1 c5
19.b5 a5
20.a4 f5
21.Rf1f3 g5
22.Rf3xe3 gxf4
23.Re3xe6 Kd7
24.Re6xb6 Rh8g8
25.g4 h5
26.Nc3d5 Bf8d6
27.Ra1b1 fxg4
28.h4 f3
29.exf3 gxf3
30.Kxf3 Ra8f8
31.Nd5f4 Rf8xf4
32.Ke2 Qd4f2
33.Kd1 Rg8g1
{ resign }
0-1

[Event "Tourn. n9784"]
[Site "www.chess-mail.com"]
[Date "2018.06.01"]
[Round "1"]
[White "Gegonz"]
[Black "Louis"]
[WhiteElo "2040"]
[BlackElo "1990"]
[Result "1-0"]
[Round "1"]
1.Ng1f3 d5
2.c4 d4
3.e3 Nb8c6
4.b4 dxe3
5.fxe3 Nc6xb4
6.d4 e5
7.a3 Nb4c6
8.Nb1c3 Ng8f6
9.Bf1e2 exd4
10.exd4 Bf8e7
11.d5 Nc6a5
12.O-O O-O
13.Bc1d2 c6
14.Bd2c1 cxd5
15.cxd5 b6
16.Bc1f4 Nf6h5
17.Bf4e3 Nh5f6
18.Qd1d3 Bc8f5
19.Qd3xf5 Ra8c8
20.Be3d4 Be7c5
21.Rf1c1 Na5b3
22.Qf5d3 Nb3xa1
23.Rc1xa1 Rf8e8
24.Bd4xc5 Rc8xc5
25.d6 Rc5xc3
26.Qd3xc3 Re8xe2
27.Qc3c7 Qd8e8
28.Qc7xa7 Qe8c6
29.Qa7c7 Qc6b5
30.Kh1 Re2f2
31.Qc7c8 Qb5e8
32.Qc8xe8 Nf6xe8
33.d7 { resign }
1-0

[Event "Tourn. n9799"]
[Site "www.chess-mail.com"]
[Date "2018.06.01"]
[Round "1"]
[White "Bigrezi"]
[Black "Amaya"]
[WhiteElo "2220"]
[BlackElo "2160"]
[Result "1-0"]
[Round "1"]
1.e4 e6
2.d4 d5
3.exd5 exd5
4.Ng1f3 Ng8f6
5.Bf1e2 Bf8d6
6.O-O O-O
7.c4 c6
8.c5 Bd6c7
9.Nb1c3 h6
10.Qd1c2 Bc8d7
11.Nf3e5 Bd7e6
12.f4 Nb8d7
13.f5 Bc7xe5
14.dxe5 Nf6e4
15.Nc3xe4 Nd7xe5
16.fxe6 fxe6
17.Bc1f4 Ne5d7
18.Ne4g3 e5
19.Bf4xh6 gxh6
20.Qc2g6 Kh8
21.Qg6xh6 Kg8
22.Qh6g6 Kh8
23.Ng3f5 Qd8f6
24.Qg6h5 Kg8
25.Nf5h6 { resign }
1-0

[Event "Tourn. n9835"]
[Site "www.echecsemail.com"]
[Date "2018.06.01"]
[Round "1"]
[White "Azulmarino"]
[Black "Reda"]
[WhiteElo "1650"]
[BlackElo "1730"]
[Result "1-0"]
[Round "1"]
1.e4 e5
2.Ng1f3 Bf8c5
3.Nb1c3 Ng8f6
4.Bf1c4 h6
5.h3 O-O
6.d3 d6
7.Bc1e3 Bc5xe3
8.fxe3 Nb8c6
9.Qd1d2 Rf8e8
10.g4 Bc8e6
11.g5 hxg5
12.Nf3xg5 Be6xc4
13.b3 Bc4b5
14.Nc3xb5 a6
15.Qd2g2 axb5
16.Rh1g1 Nc6e7
17.Ng5e6 Qd8c8
18.Qg2xg7 { resign }
1-0

[Event "Match"]
[Site "www.echecsemail.com"]
[Date "2018.06.01"]
[Round "1"]
[White "Calponas"]
[Black "Gambitcat"]
[WhiteElo "2110"]
[BlackElo "1809"]
[Result "1-0"]
[Round "1"]
1.e4 e5
2.Ng1f3 Ng8f6
3.d4 Nf6xe4
4.dxe5 d5
5.exd6 Ne4xd6
6.Bf1d3 Bf8e7
7.Nb1c3 O-O
8.Bc1f4 Nb8c6
9.Qd1d2 Bc8g4
10.h3 Bg4xf3
11.gxf3 Rf8e8
12.O-O-O Qd8c8
13.Rd1g1 Nc6b4
14.Bf4e5 Nb4xd3
15.Qd2xd3 f6
16.Be5f4 Qc8f5
17.Qd3d2 Nd6c4
18.Qd2d5 Qf5xd5
19.Nc3xd5 { resign }
1-0

[Event "Tourn. n9801"]
[Site "www.echecsemail.com"]
[Date "2018.06.01"]
[Round "1"]
[White "Bojan"]
[Black "Julian"]
[WhiteElo "1990"]
[BlackElo "1870"]
[Result "1-0"]
[Round "1"]
1.e4 c5
2.Nb1c3 Nb8c6
3.Ng1f3 d6
4.d4 cxd4
5.Nf3xd4 Ng8f6
6.f3 a6
7.Bc1e3 Nc6xd4
8.Qd1xd4 g6
9.Be3g5 Bf8g7
10.Ra1b1 b5
11.Nc3d5 O-O
12.c3 Nf6xd5
13.Qd4xd5 Bc8e6
14.Qd5d2 Ra8c8
15.Bf1d3 d5
16.Qd2e3 d4
17.cxd4 Be6c4
18.e5 f6
19.Bd3xc4 Rc8xc4
20.exf6 exf6
21.Qe3e6 Kh8
22.O-O fxg5
23.Qe6xa6 Bg7xd4
24.Kh1 Qd8b6
25.Qa6a3 Rf8c8
{ time. }
1-0

[Event "Tourn. n9804"]
[Site "www.echecsemail.com"]
[Date "2018.06.01"]
[Round "1"]
[White "Pdebonis"]
[Black "Jaroslavpech"]
[WhiteElo "2690"]
[BlackElo "2460"]
[Result "1-0"]
[Round "1"]
1.e4 c5
2.Ng1f3 Nb8c6
3.d4 cxd4
4.Nf3xd4 Ng8f6
5.Nb1c3 e5
6.Nd4b5 d6
7.Bc1g5 a6
8.Nb5a3 b5
9.Bg5xf6 gxf6
10.Nc3d5 f5
11.Bf1d3 Bc8e6
{ time. }
1-0

[Event "Tourn. n9807"]
[Site "www.echecsemail.com"]
[Date "2018.06.01"]
[Round "1"]
[White "Paulsyd"]
[Black "Asoka"]
[WhiteElo "2510"]
[BlackElo "2680"]
[Result "1-0"]
[Round "1"]
1.e4 c5
2.Ng1f3 d6
3.d4 cxd4
4.Nf3xd4 Ng8f6
5.Nb1c3 Nb8c6
6.Bc1g5 e6
7.Qd1d2 a6
8.O-O-O h6
9.Nd4xc6 bxc6
10.Bg5f4 d5
11.Qd2e3 Bf8b4
12.Bf1e2 Bc8b7
13.h4 Bb4a5
14.Rh1h3 Ra8c8
15.Qe3g3 Rh8g8
16.e5 Ba5xc3
17.Qg3xc3 Nf6d7
18.h5 c5
19.Rh3g3 Ke7
20.Rg3g4 f5
21.exf6 Nd7xf6
22.Rg4g6 d4
23.Qc3g3 Kf7
24.Bf4e5 Bb7e4
25.Be2c4 Qd8d7
26.Qg3h3 Be4xg6
27.hxg6 Ke7
28.f4 { resign }
1-0

[Event "Match"]
[Site "www.echecsemail.com"]
[Date "2018.06.01"]
[Round "1"]
[White "Eeze"]
[Black "Sonny1000"]
[WhiteElo "1499"]
[BlackElo "1530"]
[Result "1-0"]
[Round "1"]
1.e4 e5
2.Ng1f3 f6
3.Nf3xe5 Qd8e7
4.Qd1h5 g6
5.Ne5xg6 Qe7f7
6.Ng6f4 Qf7xh5
7.Nf4xh5 Bf8g7
8.Nh5xg7 Kf7
9.Ng7f5 Nb8c6
10.Bf1c4 Kf8
11.c3 Nc6e5
12.Bc4e2 b5
13.Be2xb5 a6
14.Bb5e2 Ra8b8
15.d4 Bc8b7
16.dxe5 Bb7xe4
17.Nf5h4 fxe5
18.Nb1d2 Be4d5
19.O-O Rb8a8
20.c4 Bd5b7
21.Nh4f5 Ra8e8
22.f3 Re8e6
23.Nd2e4 Bb7xe4
24.fxe4 Ng8f6
25.Bc1h6 Kf7
26.c5 Nf6xe4
27.Nf5d6 Kg6
28.Nd6xe4 c6
29.Bh6d2 Rh8a8
30.Be2g4 Re6e7
31.Rf1f6 Kg7
32.Rf6d6 a5
33.Bg4xd7 Re7f7
34.Bd7xc6 a4
35.Bc6xa8 h5
36.Ra1f1 Rf7xf1
37.Kxf1 h4
38.c6 Kf7
39.c7 a3
40.b3 Kg8
41.Rd6d7 Kf8
42.c8R { resign }
1-0

[Event "Match"]
[Site "www.echecsemail.com"]
[Date "2018.06.01"]
[Round "1"]
[White "Tonino1"]
[Black "Calponas"]
[WhiteElo "1950"]
[BlackElo "2090"]
[Result "1/2-1/2"]
[Round "1"]
1.d4 f5
2.f4 Ng8f6
3.e3 e6
4.Bf1d3 d6
5.Ng1f3 Bf8e7
6.O-O O-O
7.Qd1e2 Nb8d7
8.Nb1d2 c5
9.c3 d5
10.Nf3e5 c4
11.Bd3c2 Nd7xe5
12.fxe5 Nf6e4
13.Nd2xe4 fxe4
14.Bc1d2 Bc8d7
15.Rf1xf8 Be7xf8
16.Ra1f1 Bd7e8
17.Qe2g4 Be8f7
18.Qg4f4 Qd8e7
19.Bd2e1 Bf7g6
20.Be1h4 Qe7f7
21.Qf4g5 Qf7e8
22.Bc2d1 h6
23.Qg5g3 Bg6f5
24.Bd1g4 Qe8f7
25.Bg4xf5 exf5
26.Qg3h3 g5
27.Rf1xf5 Qf7g7
28.Bh4g3 Bf8e7
29.e6 Ra8f8
30.Bg3e5 Qg7g6
31.Rf5xf8 Kxf8
32.g3 g4
33.Qh3f1 Kg8
34.b3 b5
35.bxc4 bxc4
36.Qf1d1 Qg6xe6
37.Qd1a4 Be7g5
38.Qa4xa7 Bg5xe3
39.Kg2 Qe6f7
40.Qa7a8 Kh7
41.Qa8h8 Kg6
42.Be5f4 Be3xf4
43.gxf4 Qf7xf4
44.Qh8g8 Kf6
45.Qg8d8 Kg6
46.Qd8g8 Kf6
{ draw }
1/2-1/2

[Event "Tourn. n9822"]
[Site "www.echecsemail.com"]
[Date "2018.06.01"]
[Round "1"]
[White "Reda"]
[Black "Julian"]
[WhiteElo "1800"]
[BlackElo "1860"]
[Result "1/2-1/2"]
[Round "1"]
1.d4 d5
2.Bc1f4 e6
3.Nb1c3 Bf8d6
4.Bf4xd6 Qd8xd6
5.Ng1f3 c6
6.e3 Ng8f6
7.Bf1d3 O-O
8.O-O Nb8d7
9.e4 dxe4
10.Bd3xe4 Nf6xe4
11.Nc3xe4 Qd6e7
12.Nf3e5 Nd7xe5
13.dxe5 Rf8d8
14.Qd1f3 Rd8d5
15.Ra1d1 b6
16.Rd1xd5 exd5
17.Ne4d6 Bc8a6
18.Rf1e1 f6
19.Nd6f5 Qe7b4
20.Qf3b3 { draw }
1/2-1/2

[Event "Tourn. n9785"]
[Site "www.chess-mail.com"]
[Date "2018.06.02"]
[Round "1"]
[White "Bevittsmith"]
[Black "Caroluigi"]
[WhiteElo "2180"]
[BlackElo "2080"]
[Result "1-0"]
[Round "1"]
1.e4 e5
2.Ng1f3 Nb8c6
3.Bf1b5 a6
4.Bb5a4 Ng8f6
5.O-O Bf8e7
6.Rf1e1 b5
7.Ba4b3 d6
8.c3 O-O
9.h3 Bc8b7
10.d4 Rf8e8
11.Nb1d2 a5
12.a3 a4
13.Bb3c2 Be7f8
14.Nd2f1 h6
15.Nf1g3 Nc6a5
16.Bc1d2 Na5c4
17.Qd1c1 c5
18.d5 Bb7c8
19.b3 axb3
20.Bc2xb3 Nc4xd2
21.Qc1xd2 Re8e7
22.c4  { time }
1-0

[Event "Tourn. n9792"]
[Site "www.chess-mail.com"]
[Date "2018.06.02"]
[Round "1"]
[White "Libiesse"]
[Black "Ditto"]
[WhiteElo "1880"]
[BlackElo "1760"]
[Result "0-1"]
[Round "1"]
1.d4 d5
2.c4 c6
3.Nb1c3 Ng8f6
4.cxd5 cxd5
5.Ng1f3 Nb8c6
6.g3 Bc8g4
7.Bf1g2 e6
8.Bc1g5 Bf8e7
9.O-O a6
10.Qd1b3 Ra8b8
11.e3 b5
12.Rf1c1 Nc6a5
13.Qb3d1 Na5c4
14.b3 Nc4d6
15.Qd1d3 Bg4f5
16.Qd3d2 b4
17.Nc3e2 a5
18.Nf3e5 Rb8a8
19.Rc1c6 O-O
20.Ra1c1 Nd6e4
21.Bg2xe4 Nf6xe4
22.Bg5xe7 Qd8xe7
23.Qd2e1 Rf8d8
24.Rc6c7 Qe7g5
25.Ne5xf7 Qg5g4
26.Nf7xd8 Ra8xd8
27.Rc7a7 Qg4f3
28.Qe1f1 Ne4g5
29.Ne2f4 Bf5e4
30.Qf1g2 Qf3g4
31.Qg2f1 Rd8f8
32.Rc1c7 Qg4f3
33.Rc7xg7 Kh8
{ resign }
0-1

[Event "Tourn. n9779"]
[Site "www.chess-mail.com"]
[Date "2018.06.02"]
[Round "1"]
[White "Prize64"]
[Black "Caroluigi"]
[WhiteElo "2130"]
[BlackElo "2070"]
[Result "1-0"]
[Round "1"]
1.Ng1f3 Ng8f6
2.g3 d5
3.Bf1g2 c6
4.c4 e6
5.b3 Nb8d7
6.Bc1b2 Bf8d6
7.d4 Qd8a5
8.Nb1d2 O-O
9.O-O Rf8e8
10.e3 e5
11.dxe5 Nd7xe5
12.Nf3xe5 Bd6xe5
13.Bb2xe5 Re8xe5
14.Nd2f3 Re5e7
15.Nf3d2 Bc8g4
16.Qd1c2 Ra8e8
17.h3 Bg4h5
18.Ra1c1 Bh5g6
19.Qc2c3 Qa5xc3
20.Rc1xc3 dxc4
21.Nd2xc4 Re8d8
22.Rf1c1 Nf6e4
23.Bg2xe4 Bg6xe4
24.Kf1 Be4f3
25.Rc1e1 Re7d7
26.Nc4e5  { time }
1-0

[Event "Tourn. n9846"]
[Site "www.echecsemail.com"]
[Date "2018.06.02"]
[Round "1"]
[White "Bira47"]
[Black "Libiesse"]
[WhiteElo "1930"]
[BlackElo "1970"]
[Result "1-0"]
[Round "1"]
1.c4 e5
2.g3 Ng8f6
3.Bf1g2 Nb8c6
4.a3 a5
5.Nb1c3 Bf8c5
6.e3 d6
7.h3 O-O
8.Ng1e2 Bc8e6
9.d4 exd4
10.exd4 Bc5a7
11.d5 { resign }
1-0

[Event "Match"]
[Site "www.echecsemail.com"]
[Date "2018.06.02"]
[Round "1"]
[White "Enting"]
[Black "Fangshuo"]
[WhiteElo "1809"]
[BlackElo "2150"]
[Result "0-1"]
[Round "1"]
1.c4 e5
2.e4 Ng8f6
3.Nb1c3 Bf8b4
4.d3 Bb4xc3
5.bxc3 c6
6.h3 d5
7.cxd5 cxd5
8.exd5 O-O
9.c4 b5
10.Qd1b3 bxc4
11.dxc4 Nb8d7
12.Qb3b5 Ra8b8
13.Qb5a4 Nd7c5
14.Qa4xa7 Nf6e4
15.f3 Qd8h4
16.Kd1 Ne4f2
17.Ke2 Nf2xh1
18.Qa7xc5 Nh1g3
19.Kd1 Ng3xf1
20.Bc1a3 Bc8a6
21.Ke2 Ba6xc4
22.Kd1 Rf8d8
23.Kc1 Qh4e1
{ resign }
0-1

[Event "Match"]
[Site "www.echecsemail.com"]
[Date "2018.06.02"]
[Round "1"]
[White "Bjonil60"]
[Black "Lug47"]
[WhiteElo "1510"]
[BlackElo "1569"]
[Result "0-1"]
[Round "1"]
1.Nb1c3 c6
2.e3 Ng8f6
3.Qd1e2 d5
4.d3 e5
5.d4 Bf8b4
6.Bc1d2 O-O
7.a3 Rf8e8
8.axb4 c5
9.bxc5 Nb8c6
10.O-O-O Bc8f5
11.h3 exd4
12.exd4 Re8xe2
13.Bf1xe2 Nc6xd4
14.Be2f1 Qd8a5
15.Nc3e4 Qa5a1

0-1

[Event "Match"]
[Site "www.echecsemail.com"]
[Date "2018.06.02"]
[Round "1"]
[White "Fegatux"]
[Black "Krystek23"]
[WhiteElo "2310"]
[BlackElo "2530"]
[Result "0-1"]
[Round "1"]
1.e4 c5
2.Ng1f3 e6
3.g3 Nb8c6
4.d4 cxd4
5.Nf3xd4 Qd8c7
6.Bf1g2 d6
7.O-O a6
8.c4 Bf8e7
9.Bc1e3 Ng8f6
10.Qd1e2 O-O
11.Nb1c3 Nc6e5
12.b3 Bc8d7
13.Ra1c1 Nf6g4
14.Be3f4 Be7f6
15.Rf1d1 g5
16.Bf4d2 Qc7c5
17.Bd2e1 Bf6g7
18.h3 Ng4h6
19.Qe2h5 g4
20.hxg4 Nh6xg4
21.Nc3e2 Ne5f3
22.Nd4xf3 Qc5xh5
23.Ne2f4 Qh5c5
24.Nf4d3 Qc5c7
25.c5 Rf8c8
26.cxd6 Qc7d8
27.Bg2h3 Rc8xc1
28.Rd1xc1 h5
29.Nd3f4 Ng4e5
30.Nf3h4 Bg7h6
{ resign }
0-1

[Event "Tourn. n9840"]
[Site "www.echecsemail.com"]
[Date "2018.06.02"]
[Round "1"]
[White "Andychesston"]
[Black "Bojan"]
[WhiteElo "2040"]
[BlackElo "2010"]
[Result "1-0"]
[Round "1"]
1.e4 e5
2.Ng1f3 Nb8c6
3.d4 exd4
4.Nf3xd4 Nc6xd4
5.Qd1xd4 c5
6.Qd4e5 Qd8e7
7.Bc1f4 f6
8.Qe5d5 g5
9.Bf4c7 d6
10.Bf1b5 Bc8d7
11.Qd5xb7 Ra8c8
12.Qb7xc8 Kf7
13.Qc8xd7 Ng8h6
14.Qd7xe7 Bf8xe7
15.Nb1c3 Rh8c8
16.Bb5c4 Kg6
17.Nc3d5 Be7f8
18.O-O-O Nh6g4
19.Rd1d2 Ng4e5
20.Bc4a6 { resign }
1-0

[Event "Match"]
[Site "www.echecsemail.com"]
[Date "2018.06.02"]
[Round "1"]
[White "Sachpat"]
[Black "Fegatux"]
[WhiteElo "2820"]
[BlackElo "2320"]
[Result "1-0"]
[Round "1"]
1.e4 e5
2.Ng1f3 Nb8c6
3.Bf1b5 Ng8f6
4.d3 d6
5.h3 Bc8d7
6.a3 Bf8e7
7.O-O a6
8.Bb5c4 h6
9.Nb1c3 Nc6a5
10.Bc4a2 c5
11.Bc1e3 b5
12.b4 cxb4
13.axb4 Na5c6
14.Nc3d5 Nf6xd5
15.Ba2xd5 O-O
16.Qd1d2 Kh7
17.Rf1c1 Qd8c8
18.c4 bxc4
19.Rc1xc4 Qc8e8
20.Qd2c3 Nc6d4
21.Nf3xd4 exd4
22.Be3xd4 f6
23.Bd5xa8 Qe8xa8
24.Rc4c7 { resign }
1-0

[Event "Match"]
[Site "www.echecsemail.com"]
[Date "2018.06.02"]
[Round "1"]
[White "Caroluigi"]
[Black "Tonino1"]
[WhiteElo "2190"]
[BlackElo "2130"]
[Result "0-1"]
[Round "1"]
1.d4 d6
2.Ng1f3 Ng8f6
3.e3 c6
4.Nb1d2 Qd8c7
5.Bf1d3 g6
6.O-O Bf8g7
7.c3 O-O
8.Rf1e1 e5
9.Ra1b1 Rf8e8
10.e4 h6
11.Bd3c4 b5
12.Bc4b3 Bc8e6
13.Nf3h4 Kh7
14.Bb3xe6 Re8xe6
 { time }
0-1

[Event "Match"]
[Site "www.echecsemail.com"]
[Date "2018.06.02"]
[Round "1"]
[White "Jovaras"]
[Black "Caroluigi"]
[WhiteElo "2180"]
[BlackElo "2180"]
[Result "1-0"]
[Round "1"]
1.e4 e5
2.Ng1f3 Nb8c6
3.Bf1b5 a6
4.Bb5a4 Ng8f6
5.O-O Bf8c5
6.c3 b5
7.Ba4c2 d6
8.d4 exd4
9.cxd4 Bc5b6
10.Nb1c3 O-O
11.h3 h6
12.Bc1e3 Rf8e8
13.a3 Bc8d7
14.Rf1e1 Qd8c8
15.Kh2 Bb6a5
16.b4 Ba5b6
17.Qd1d2 Qc8b7
18.Qd2d3 Ra8d8
19.Nc3d5 Nf6xe4
20.Nd5xb6 cxb6
21.Be3xh6 Bd7f5
22.Bh6f4 d5
23.Re1e2 Nc6e7
24.Qd3b3 Ne7g6
25.Bf4e3 Rd8c8
26.Nf3g5  { time }
1-0

[Event "1/64 Finale"]
[Site "www.chess-mail.com"]
[Date "2018.06.02"]
[Round "1"]
[White "Hennie4820"]
[Black "Reignblowcan"]
[WhiteElo "2080"]
[BlackElo "2139"]
[Result "0-1"]
[Round "1"]
1.e4 e5
2.Ng1f3 Nb8c6
3.Bf1c4 Ng8f6
4.d4 exd4
5.O-O Nf6xe4
6.Rf1e1 d5
7.Bc4xd5 Qd8xd5
8.Nb1c3 Qd5a5
9.Nc3xe4 Bc8e6
10.Ne4g5 O-O-O
11.Ng5xe6 fxe6
12.Re1xe6 h6
13.Qd1e2 Qa5d5
14.Bc1f4 g5
15.Bf4g3 d3
16.cxd3 g4
17.Nf3h4 Nc6d4
18.Qe2e5 Nd4xe6
19.Qe5xh8 Bf8g7
20.Qh8h7 Bg7xb2
21.Ra1e1 Qd5xd3
22.Qh7xd3 Rd8xd3
23.h3 Kd7
24.hxg4 Bb2f6
25.Nh4f5 c5
26.Nf5xh6 c4
27.Kf1 c3
28.Nh6f5 Bf6g5
29.Bg3h4 Bg5xh4
30.Nf5xh4 c2
31.Ke2 Ne6f4
32.Kf1 Rd3d1
33.g3 Rd1xe1
34.Kxe1 c1Q
{ resign }
0-1

[Event "1/128 Finale"]
[Site "www.chess-mail.com"]
[Date "2018.06.02"]
[Round "1"]
[White "Ranjachess"]
[Black "Bojan"]
[WhiteElo "1870"]
[BlackElo "1990"]
[Result "1/2-1/2"]
[Round "1"]
1.d4 g6
2.Nb1c3 Bf8g7
3.Ng1f3 c6
4.e4 d6
5.h3 Nb8d7
6.Bc1f4 f6
7.d5 c5
8.Bf1b5 a6
9.Bb5xd7 Bc8xd7
10.O-O Qd8b6
11.b3 O-O-O
12.a4 e5
13.dxe6 Bd7xe6
14.Nc3d5 Qb6c6
15.c4 f5
16.Rf1e1 Rd8d7
17.a5 Ng8e7
18.Nd5b6 Kc7
19.Nb6xd7 Qc6xd7
20.Ra1a2 Ne7c8
21.e5 d5
22.Nf3g5 d4
23.Ng5xe6 Qd7xe6
24.Qd1c1 h5
25.Qc1a3 Bg7f8
26.Bf4g5 Nc8a7
27.f3 Na7c6
28.Bg5f6 Rh8h7
29.g4 hxg4
30.hxg4 fxg4
31.f4 Rh7h3
32.Ra2h2 Nc6b4
33.Re1e2 Bf8h6
34.Qa3c1 Nb4d3
35.f5 Nd3xc1
36.fxe6 Nc1xe2
37.Rh2xe2 Rh3xb3
38.e7 Kd7
39.Re2h2 Rb3h3
40.Rh2b2 Bh6e3
41.Kg2 Rh3h8
42.Rb2xb7 Ke6
43.Rb7b6 Kf7
44.Bf6xh8 Kxe7
45.Rb6xa6 d3
46.Kf1 g5
47.Ra6d6 d2
48.a6 g3
49.a7 Be3d4
50.Ke2 g2
51.a8Q d1Q
52.Kxd1 g1Q
53.Kc2 Qg1f2
54.Kd1 Qf2f1
55.Kd2 Qf1f4
56.Kc2 Qf4f2
57.Kc1 Qf2e1
58.Kc2 Qe1e2
59.Kc1 Bd4e3
60.Kb1 Qe2f1
61.Kc2 Qf1e2
62.Kb1 Qe2f1
63.Kb2 Qf1c1
64.Kb3 Qc1b1
65.Kc3 Qb1e1
{ draw }
1/2-1/2